00593 2200229 4500001002100000005001500021035002000036007000300056008004100059020002200100082000800122084001400130100001500144245007300159250001000232260002800242300002600270650002600296700001300322700001700335990001100352INLIS00000000000381420190724092300 a0010-0719000232ta190724 g 0 ind  a978-602-9251-11-1 a823 a823 OSM q0 aOSMAN, Sam1 aQuicksilver /cSam Osman; alih bahasa, Fe Fang; editor, D. Kurniawan acet.1 aSolo :bMetamind,c2011 axii, 465 hlm ;c20 cm 4aNOVEL. SASTRA INGGRIS0 aFANG, Fe0 aKURNIAWAN, D a5778 a